| 000 | 00839nam a2200205 4500 | ||
|---|---|---|---|
| 001 | 113577 | ||
| 003 | ES-MaACL | ||
| 005 | 20250727090821.0 | ||
| 007 | t| | ||
| 008 | 061121s1948 sp r ||||1| spa d | ||
| 100 | 1 |
_aPacchioni, Giovanni. _988109 |
|
| 245 | 1 | 4 |
_aLos contratos a favor de tercero _b: estudio de Derecho Romano, Civil y Mercantil / _cGiovanni Pacchioni ; traducción de la última edición italiana por Francisco Javier Osset. |
| 260 |
_aMadrid : _bRevista de Derecho Privado, _c1948. |
||
| 300 |
_aXX, 376 p. ; _c24 cm. |
||
| 490 | 1 |
_aMonografías fundamentales de derecho privado y público. Serie B ; _v22 |
|
| 700 | 1 |
_aOsset, Francisco Javier. _987784 |
|
| 830 | 0 | 0 |
_aMonografías fundamentales de derecho privado y público _v22 _9230222 |
| 852 |
_aES-MaACL _jC-4724 _bR.25173 |
||
| 999 |
_c113577 _d113577 |
||